Vista normal
Vista MARC
Entrada Personal Name
Número de registros utilizados en: 1
001 - CONTROL NUMBER
- control field: 11415
003 - CONTROL NUMBER IDENTIFIER
- control field: DLC
005 - DATE AND TIME OF LATEST TRANSACTION
- control field: 20210427085347.0
008 - FIXED-LENGTH DATA ELEMENTS
- fixed length control field: 800226n| acannaabn |n aaa
010 ## - LIBRARY OF CONGRESS CONTROL NUMBER
- LC control number: n 79145447
035 ## - SYSTEM CONTROL NUMBER
- System control number: (OCoLC)oca00376588
040 ## - CATALOGING SOURCE
- Original cataloging agency: DLC
- Language of cataloging: spa
- Transcribing agency: Mx-PuUPA
- Modifying agency: IEN
- Modifying agency: Mx-PuUPA
- Description conventions: rda
046 ## - SPECIAL CODED DATES
- Birth date: 19240904
- Death date: 19810131
100 1# - HEADING--PERSONAL NAME
- Personal name: Huse, Edgar F.
- Dates associated with a name: 1924-1981
372 ## - FIELD OF ACTIVITY
- Field of activity: Desarrollo organizacional y Proceso de cambio
374 ## - OCCUPATION
- Occupation: Autor
375 ## - GENDER
- Gender: hombre
377 ## - ASSOCIATED LANGUAGE
- Language code: eng
670 ## - SOURCE DATA FOUND
- Source citation: His Behavior in organizations, 1973.
670 ## - SOURCE DATA FOUND
- Source citation: Info. converted from 678, 2012-10-02
- Information found: (b. 9/4/24)